[Event "Hanoi GM2 03"]
[Site "Hanoi"]
[Date "2024.03.20"]
[Round "2"]
[White "Nguyen, Van Huy"]
[Black "Vaz, Ethan"]
[Result "0-1"]
[WhiteElo "2356"]
[BlackElo "2409"]
[PlyCount "90"]
[EventDate "2024.03.19"]
[EventType "tourn"]
[EventRounds "9"]
[EventCountry "VIE"]
[SourceTitle "CB13_2024"]
[SourceDate "2024.03.27"]
[SourceVersion "1"]
[SourceVersionDate "2024.03.27"]
[SourceQuality "1"]

1. d4 Nf6 2. c4 g6 3. Nc3 Bg7 4. e4 d6 5. Nf3 0-0 6. Be2 e5 7. Be3 Ng4 8. Bg5 f6 9. Bh4 Nc6 10. d5 Ne7 11. Nd2 f5 12. Bxg4 fxg4 13. Bg5 h6 14. Be3 c5 15. 0-0 g5 16. Rb1 Ng6 17. b4 b6 18. bxc5 bxc5 19. Qa4 Nf4 20. Rb3 h5 21. Rfb1 h4 22. Rb8 Rxb8 23. Rxb8 g3 24. fxg3 h3 25. gxh3 Nxh3+ 26. Kg2 Nf4+ 27. Kh1 Qc7 28. Rb1 Qf7 29. Rf1 Qh5 30. Rf2 Bg4 31. Qc2 Nh3 32. Rxf8+ Bxf8 33. Kg2 Nf4+ 34. Kg1 Qh3 35. Bxf4 exf4 36. e5 Bg7 37. Nce4 f3 38. Nb3 Bf5 39. Nxg5 Qg4 40. Qf2 Qxg5 41. exd6 Bd4 42. Nxd4 Qc1+ 43. Qf1 Qe3+ 44. Qf2 cxd4 45. c5 Bh3 0-1

[Event "VIE-ch"]
[Site "Hanoi"]
[Date "2024.03.13"]
[Round "4"]
[White "Tran, Vo Quoc Bao"]
[Black "Nguyen, Van Huy"]
[Result "0-1"]
[WhiteElo "1997"]
[BlackElo "2356"]
[PlyCount "92"]
[EventDate "2024.03.11"]
[EventType "swiss"]
[EventRounds "9"]
[EventCountry "VIE"]
[SourceTitle "CB13_2024"]
[SourceDate "2024.03.27"]
[SourceVersion "1"]
[SourceVersionDate "2024.03.27"]
[SourceQuality "1"]

1. e4 c6 2. d4 d5 3. e5 Bf5 4. Nd2 e6 5. Nb3 Nd7 6. Nf3 Ne7 7. Be2 Nc8 8. 0-0 Be7 9. Ne1 Ncb6 10. g4 Be4 11. f3 Bg6 12. f4 Be4 13. Nd2 c5 14. c3 Rc8 15. Nxe4 dxe4 16. f5 cxd4 17. fxe6 fxe6 18. cxd4 Nd5 19. Ng2 Qb6 20. Kh1 Rf8 21. Rxf8+ Nxf8 22. Rb1 Ng6 23. Be3 Nh4 24. Qa4+ Kf7 25. Rf1+ Kg8 26. Nxh4 Bxh4 27. Qd7 Rf8 28. Rxf8+ Kxf8 29. Bb5 Qd8 30. Bg1 Qxd7 31. Bxd7 Ke7 32. Bb5 Bg5 33. Bc4 Nb4 34. Kg2 Bc1 35. a3 Nc6 36. b4 Bxa3 37. b5 Nb4 38. Kf1 Bc1 39. Ke2 Nd5 40. Bf2 h6 41. h4 Kd7 42. h5 Kc7 43. Kd1 Bg5 44. Kc2 Kb6 45. Kb3 Bd2 46. Bh4 Bg5 0-1

[Event "VIE-ch"]
[Site "Hanoi"]
[Date "2024.03.11"]
[Round "1"]
[White "Nguyen, Van Huy"]
[Black "Nguyen, Vuong Tung Lam"]
[Result "1-0"]
[WhiteElo "2356"]
[BlackElo "1870"]
[PlyCount "71"]
[EventDate "2024.03.11"]
[EventType "swiss"]
[EventRounds "9"]
[EventCountry "VIE"]
[SourceTitle "CB13_2024"]
[SourceDate "2024.03.27"]
[SourceVersion "1"]
[SourceVersionDate "2024.03.27"]
[SourceQuality "1"]

1. Nf3 Nf6 2. c4 g6 3. Nc3 d5 4. cxd5 Nxd5 5. Qb3 Nb6 6. d4 Bg7 7. Bf4 Be6 8. Qa3 0-0 9. e3 c6 10. Be2 Bg4 11. 0-0 Re8 12. Rfd1 N8d7 13. Bg3 Qc8 14. h3 Bxf3 15. Bxf3 Bf8 16. Qb3 e5 17. a4 exd4 18. exd4 Nf6 19. a5 Nbd5 20. Nxd5 Nxd5 21. Bxd5 cxd5 22. Qxd5 Rd8 23. Qb3 Qd7 24. d5 Rac8 25. a6 b6 26. d6 Rc5 27. Rd2 Qc8 28. Qd3 Rd7 29. b4 Rc4 30. b5 Qc5 31. Kh2 f5 32. Qe3 f4 33. Qe6+ Rf7 34. d7 fxg3+ 35. fxg3 Rd4 36. Rf1 1-0

[Event "Bhubaneswar SOA op 1st"]
[Site "Bhubaneswar"]
[Date "2024.02.02"]
[Round "8"]
[White "Nguyen, Van Huy"]
[Black "Subhayan, Kundu"]
[Result "1/2-1/2"]
[WhiteElo "2364"]
[BlackElo "2385"]
[PlyCount "124"]
[EventDate "2024.01.28"]
[EventType "swiss"]
[EventRounds "10"]
[EventCountry "IND"]
[SourceTitle "CB06_2024"]
[SourceDate "2024.02.07"]
[SourceVersion "1"]
[SourceVersionDate "2024.02.07"]
[SourceQuality "1"]

1. d4 Nf6 2. c4 g6 3. Nc3 Bg7 4. e4 d6 5. Nf3 0-0 6. Be2 e5 7. Be3 Ng4 8. Bg5 f6 9. Bh4 g5 10. Bg3 Nh6 11. dxe5 dxe5 12. Qc2 Na6 13. Nd2 Nb4 14. Qa4 a5 15. 0-0-0 Bd7 16. Qb3 Qe7 17. f3 Nf7 18. Bf2 Rfb8 19. a3 Na6 20. Nd5 Qe8 21. Qc3 b6 22. h4 Nd8 23. Nf1 Ne6 24. Ng3 Nac5 25. Nf5 g4 26. Be3 c6 27. Nde7+ Kh8 28. Nxg7 Nxg7 29. Nf5 Bxf5 30. exf5 Nxf5 31. fxg4 Nxe3 32. Qxe3 Rd8 33. Rhf1 Qg6 34. Rf5 Rxd1+ 35. Bxd1 Rd8 36. Bc2 e4 37. Qf4 Nd3+ 38. Bxd3 exd3 39. Kd2 Qe8 40. Qf3 Rd4 41. Rxf6 Qe2+ 42. Qxe2 dxe2+ 43. Kxe2 Rxc4 44. Kf3 Kg7 45. g5 h5 46. Kg3 b5 47. Kh3 a4 48. g4 Rxg4 49. Rxc6 b4 50. axb4 Rxb4 51. Rc2 Rb3+ 52. Kg2 Rb4 53. Kg3 Rg4+ 54. Kh3 Rb4 55. Re2 Kg6 56. Kg3 Rg4+ 57. Kh3 Rb4 58. Rf2 Kg7 59. Re2 Kg6 60. Rg2 Rb3+ 61. Kh2 Rb4 62. Kh3 Rb3+ 1/2-1/2

[Event "Bhubaneswar SOA op 1st"]
[Site "Bhubaneswar"]
[Date "2024.01.30"]
[Round "4"]
[White "Nguyen, Van Huy"]
[Black "Ghosh, Diptayan"]
[Result "1/2-1/2"]
[WhiteElo "2364"]
[BlackElo "2568"]
[PlyCount "37"]
[EventDate "2024.01.28"]
[EventType "swiss"]
[EventRounds "10"]
[EventCountry "IND"]
[SourceTitle "CB06_2024"]
[SourceDate "2024.02.07"]
[SourceVersion "1"]
[SourceVersionDate "2024.02.07"]
[SourceQuality "1"]

1. d4 Nf6 2. c4 e6 3. Nf3 d5 4. g3 Be7 5. Bg2 0-0 6. 0-0 a5 7. Qc2 Nc6 8. a3 dxc4 9. Qxc4 a4 10. Nc3 Bd7 11. Bg5 Na5 12. Qd3 Bc6 13. e4 Nd7 14. Bf4 Nb6 15. Rad1 Bd6 16. Bg5 Be7 17. Bf4 Bd6 18. Bg5 Be7 19. Bf4 1/2-1/2

[Event "Bangalore op 1st"]
[Site "Bangalore"]
[Date "2024.01.25"]
[Round "9"]
[White "Alekhya, Mukhopadhyay"]
[Black "Nguyen, Van Huy"]
[Result "0-1"]
[WhiteElo "2184"]
[BlackElo "2364"]
[PlyCount "90"]
[EventDate "2024.01.18"]
[EventType "swiss"]
[EventRounds "10"]
[EventCountry "IND"]
[SourceTitle "CB05_2024"]
[SourceDate "2024.01.31"]
[SourceVersion "1"]
[SourceVersionDate "2024.01.31"]
[SourceQuality "1"]

1. e4 c6 2. d4 d5 3. Nc3 dxe4 4. Nxe4 Bf5 5. Ng3 Bg6 6. h4 h6 7. Nf3 Nd7 8. h5 Bh7 9. Bd3 Bxd3 10. Qxd3 e6 11. Bf4 Qa5+ 12. Bd2 Bb4 13. c3 Be7 14. c4 Qa6 15. Ne4 Ngf6 16. b3 Rd8 17. Nxf6+ Nxf6 18. Qc2 0-0 19. 0-0-0 c5 20. dxc5 Bxc5 21. Bc3 Ng4 22. Qe2 Nxf2 23. Qe5 Rxd1+ 24. Rxd1 Ba3+ 25. Kb1 f6 26. Qe2 Nxd1 27. Qxd1 Qd6 28. Qe2 a6 29. Nd4 Re8 30. Qf3 Rd8 31. Kc2 Bc5 32. Ne2 b5 33. Nf4 Bd4 34. Ba5 Re8 35. Qe4 bxc4 36. bxc4 f5 37. Qf3 Qc5 38. Qd3 e5 39. Bc3 Bxc3 40. Qd7 Qc8 41. Qd5+ Kh7 42. Ng6 Bb4 43. Kb3 Bc5 44. Qf7 Qe6 45. Qc7 Qb6+ 0-1

[Event "Bangalore op 1st"]
[Site "Bangalore"]
[Date "2024.01.21"]
[Round "5"]
[White "Sathvik, Adiga"]
[Black "Nguyen, Van Huy"]
[Result "1/2-1/2"]
[WhiteElo "2142"]
[BlackElo "2364"]
[PlyCount "115"]
[EventDate "2024.01.18"]
[EventType "swiss"]
[EventRounds "10"]
[EventCountry "IND"]
[SourceTitle "CB05_2024"]
[SourceDate "2024.01.31"]
[SourceVersion "1"]
[SourceVersionDate "2024.01.31"]
[SourceQuality "1"]

1. e4 c6 2. d4 d5 3. Nc3 dxe4 4. Nxe4 Bf5 5. Ng3 Bg6 6. h4 h6 7. Nf3 e6 8. Ne5 Bh7 9. Bd3 Bxd3 10. Qxd3 Nd7 11. Qe2 Ngf6 12. c3 Be7 13. Bd2 0-0 14. 0-0-0 c5 15. dxc5 Nxe5 16. Qxe5 Qa5 17. Kb1 Qxc5 18. Qe2 Rfd8 19. Be3 Qc6 20. f3 Bc5 21. Rhe1 Bxe3 22. Qxe3 Qa4 23. Rd4 Rxd4 24. Qxd4 Qxd4 25. cxd4 Rd8 26. Ne2 Kf8 27. Kc2 Nd5 28. Kd2 Rd6 29. Rc1 Rb6 30. b3 Ra6 31. Rc2 Ke7 32. a4 Rb6 33. Nc1 Rd6 34. Nd3 Rd8 35. g3 h5 36. Nc5 b6 37. Nd3 f6 38. Rc4 Kd7 39. a5 Ra8 40. Rc1 Rc8 41. Rc4 Rc6 42. axb6 axb6 43. Ke2 Rc7 44. Kd2 Ra7 45. Ra4 Rxa4 46. bxa4 Kd6 47. Nf2 Ne7 48. Ne4+ Kd5 49. Kd3 Nf5 50. Nc3+ Kc6 51. Ne2 g5 52. hxg5 fxg5 53. g4 hxg4 54. fxg4 Nh6 55. Nc3 Nxg4 56. Ne4 Kd5 57. Nc3+ Kc6 58. Ne4 1/2-1/2

[Event "VIE-ch"]
[Site "Ha Tien"]
[Date "2023.09.14"]
[Round "3"]
[White "Pham, Phu Quang"]
[Black "Nguyen, Van Huy"]
[Result "1/2-1/2"]
[WhiteElo "1913"]
[BlackElo "2363"]
[PlyCount "136"]
[EventDate "2023.09.13"]
[EventType "swiss"]
[EventRounds "9"]
[EventCountry "VIE"]
[SourceTitle "EXT 2024"]
[Source "ChessBase"]
[SourceDate "2023.10.10"]
[SourceVersion "1"]
[SourceVersionDate "2023.10.10"]
[SourceQuality "1"]

1. e4 c6 2. d3 d5 3. Nd2 e5 4. g3 Nf6 5. Bg2 Bd6 6. Ngf3 Bg4 7. h3 Bh5 8. 0-0 0-0 9. b3 Nbd7 10. Bb2 Re8 11. Re1 Qc7 12. g4 Bg6 13. Nh4 dxe4 14. dxe4 Nf8 15. Nf5 Bc5 16. Qf3 Ne6 17. Nc4 Nd4 18. Qc3 Bxf5 19. exf5 Nd5 20. Qd2 Nf4 21. b4 Bb6 22. a4 Rad8 23. a5 Nde2+ 24. Rxe2 Rxd2 25. Rxd2 Bd4 26. c3 b5 27. Na3 e4 28. cxd4 Nxg2 29. Kxg2 Qf4 30. Rad1 Qf3+ 31. Kh2 e3 32. fxe3 Rxe3 33. Kg1 Qe4 34. Rg2 h5 35. Nc2 Re2 36. Rxe2 Qxe2 37. Rc1 hxg4 38. hxg4 Qxg4+ 39. Kf2 Qxf5+ 40. Ke2 Qh3 41. Kd2 Qg2+ 42. Kd3 f5 43. Re1 f4 44. Re8+ Kh7 45. Re7 f3 46. Bc3 f2 47. Ne3 f1Q+ 48. Nxf1 Qxf1+ 49. Kc2 a6 50. Ra7 Qf5+ 51. Kb2 Qc8 52. d5 c5 53. d6 cxb4 54. Bxg7 Qc4 55. d7 Qe2+ 56. Kb3 Qc4+ 57. Kb2 Qe2+ 58. Kb3 Qe3+ 59. Kxb4 Qxa7 60. d8Q Kxg7 61. Qg5+ Kf7 62. Qf5+ Ke8 63. Qg6+ Qf7 64. Qc6+ Kf8 65. Qc8+ Kg7 66. Qg4+ Qg6 67. Qd7+ Qf7 68. Qg4+ Kh6 1/2-1/2

[Event "Kuala Lumpur op 18th"]
[Site "Kuala Lumpur"]
[Date "2023.09.01"]
[Round "6"]
[White "Nguyen, Van Huy"]
[Black "Iniyan, Panneerseluam"]
[Result "1/2-1/2"]
[WhiteElo "2363"]
[BlackElo "2516"]
[PlyCount "46"]
[EventDate "2023.08.28"]
[EventType "swiss"]
[EventRounds "9"]
[EventCountry "MAS"]
[SourceTitle "EXT 2024"]
[Source "ChessBase"]
[SourceDate "2023.10.10"]
[SourceVersion "1"]
[SourceVersionDate "2023.10.10"]
[SourceQuality "1"]

1. d4 Nf6 2. c4 e6 3. Nf3 b6 4. g3 Bb7 5. Bg2 Be7 6. 0-0 0-0 7. Nc3 Ne4 8. Bd2 d6 9. d5 Nxd2 10. Nxd2 Qc8 11. b4 Nd7 12. Qc2 c5 13. b5 a6 14. a4 axb5 15. axb5 Re8 16. Rad1 Qc7 17. dxe6 fxe6 18. Bxb7 Qxb7 19. Qe4 Qxe4 20. Ndxe4 Ne5 21. Nxd6 Red8 22. Nde4 Nxc4 23. Rxd8+ Rxd8 1/2-1/2

[Event "Thailand op"]
[Site "Chiangmai"]
[Date "2023.07.04"]
[Round "9"]
[White "Makarov, Nikolay Val"]
[Black "Nguyen, Van Huy"]
[Result "0-1"]
[WhiteElo "2251"]
[BlackElo "2366"]
[PlyCount "82"]
[EventDate "2023.06.28"]
[EventType "swiss"]
[EventRounds "9"]
[EventCountry "THA"]
[SourceTitle "CBM 215 Extra"]
[Source "ChessBase"]
[SourceDate "2023.09.30"]
[SourceVersion "1"]
[SourceVersionDate "2023.09.30"]
[SourceQuality "1"]

1. c4 e6 2. d4 Nf6 3. Nf3 d5 4. e3 a6 5. b3 c5 6. dxc5 Bxc5 7. Bb2 0-0 8. cxd5 exd5 9. Be2 Nc6 10. 0-0 Bg4 11. Na3 Qd6 12. Nc2 Rad8 13. Ncd4 Ba7 14. Nxc6 bxc6 15. Bxa6 c5 16. Be2 Rfe8 17. Nd2 Bf5 18. Rc1 d4 19. exd4 cxd4 20. Bf3 Nd5 21. Nc4 Qg6 22. Qd2 Bg4 23. Bxg4 Qxg4 24. h3 Qf5 25. Rce1 Nf4 26. Bc1 Bb8 27. Qxd4 Qb5 28. Qb6 Qxb6 29. Nxb6 Ne2+ 30. Kh1 Ba7 31. Nc4 Bxf2 32. Rxf2 Ng3+ 33. Kh2 Rxe1 34. Kxg3 Rxc1 35. Rb2 Kf8 36. Kf4 f6 37. a4 Rc3 38. a5 Rd4+ 39. Kf5 Kf7 40. Nd6+ Rxd6 41. Ke4 Rcd3 0-1

[Event "Hanoi IM-B"]
[Site "Hanoi"]
[Date "2023.05.30"]
[Round "2"]
[White "Tran, Dang Minh Quang"]
[Black "Nguyen, Van Huy"]
[Result "1-0"]
[WhiteElo "2185"]
[BlackElo "2342"]
[PlyCount "100"]
[EventDate "2023.05.30"]
[EventType "tourn"]
[EventRounds "9"]
[EventCountry "VIE"]
[SourceTitle "EXT 2024"]
[Source "ChessBase"]
[SourceDate "2023.10.10"]
[SourceVersion "1"]
[SourceVersionDate "2023.10.10"]
[SourceQuality "1"]

1. d4 Nf6 2. Nf3 g6 3. Bf4 Bg7 4. e3 0-0 5. Be2 d6 6. h3 c5 7. 0-0 Nc6 8. c3 cxd4 9. exd4 Nd5 10. Bh2 e5 11. Nbd2 Nf4 12. Bxf4 exf4 13. Re1 d5 14. Nb3 Qd6 15. Rc1 b6 16. a4 Bd7 17. c4 dxc4 18. Bxc4 Nb4 19. Nbd2 Bf5 20. Qb3 Rad8 21. Ne4 Bxe4 22. Rxe4 a5 23. Rce1 Bf6 24. Ne5 Nd5 25. Qf3 Kg7 26. Bxd5 Qxd5 27. Qxf4 Bxe5 28. dxe5 Qe6 29. R1e3 Rd2 30. b3 Rfd8 31. Qf3 R8d4 32. g4 h6 33. Kg2 Rxe4 34. Qxe4 Rb2 35. Qf3 Rd2 36. Kg3 Rd4 37. Qe2 g5 38. Qc2 Qd5 39. Qe2 Qe6 40. Qb5 Rd1 41. Kg2 Rd4 42. Qe2 Rb4 43. Qd3 Rf4 44. Kg3 Qc6 45. Rf3 Rb4 46. Qf5 Qe6 47. Rc3 b5 48. f3 bxa4 49. bxa4 Rxa4 50. Rc7 Kf8 1-0

[Event "Hanoi IM"]
[Site "Hanoi"]
[Date "2023.05.25"]
[Round "8"]
[White "Nguyen, Van Huy"]
[Black "Chernyavsky, Alexander"]
[Result "0-1"]
[WhiteElo "2342"]
[BlackElo "2339"]
[PlyCount "44"]
[EventDate "2023.05.22"]
[EventType "tourn"]
[EventRounds "9"]
[EventCountry "VIE"]
[EventCategory "2"]
[SourceTitle "CBM 214 Extra"]
[Source "ChessBase"]
[SourceDate "2023.07.31"]
[SourceVersion "1"]
[SourceVersionDate "2023.07.31"]
[SourceQuality "1"]

1. d4 Nf6 2. c4 g6 3. Nc3 Bg7 4. e4 d6 5. Nf3 0-0 6. Be2 e5 7. Be3 Ng4 8. Bg5 f6 9. Bh4 g5 10. Bg3 Nh6 11. dxe5 fxe5 12. c5 g4 13. Qd5+ Kh8 14. Nd2 Nc6 15. cxd6 cxd6 16. Nb3 Nf7 17. 0-0 Qf6 18. Bc4 Ng5 19. Rad1 Be6 20. Qd3 Rad8 21. Kh1 Bc8 22. Qe2 Nb8 0-1

[Event "Hanoi IM"]
[Site "Hanoi"]
[Date "2023.05.24"]
[Round "6"]
[White "Nguyen, Van Huy"]
[Black "Priyanka, Nutakki"]
[Result "1/2-1/2"]
[WhiteElo "2342"]
[BlackElo "2345"]
[PlyCount "107"]
[EventDate "2023.05.22"]
[EventType "tourn"]
[EventRounds "9"]
[EventCountry "VIE"]
[EventCategory "2"]
[SourceTitle "CBM 214 Extra"]
[Source "ChessBase"]
[SourceDate "2023.07.31"]
[SourceVersion "1"]
[SourceVersionDate "2023.07.31"]
[SourceQuality "1"]

1. d4 d5 2. Nf3 Nf6 3. c4 e6 4. g3 Bb4+ 5. Nc3 dxc4 6. Bg2 Nc6 7. 0-0 0-0 8. Qa4 Nd5 9. Qc2 Be7 10. Rd1 h6 11. e4 Nb6 12. Be3 Bd7 13. Qe2 Qc8 14. Rac1 Re8 15. a3 Bf8 16. e5 Na5 17. Nd2 Bc6 18. Bxc6 bxc6 19. Nde4 Nd7 20. Qg4 Kh8 21. Qh5 Kg8 22. Ne2 Qb7 23. Nf4 c5 24. d5 Nxe5 25. Qxe5 exd5 26. Nf6+ gxf6 27. Qxd5 Qxb2 28. Nh5 Qe5 29. Qf3 Bg7 30. Re1 Qe4 31. Qxe4 Rxe4 32. Nxg7 Kxg7 33. Bxh6+ Kxh6 34. Rxe4 Rd8 35. Rc2 Rd3 36. Re3 c6 37. Kf1 Rd1+ 38. Ke2 Ra1 39. Kf3 Kg6 40. h4 f5 41. Kf4 Rf1 42. Re5 Nb3 43. h5+ Kh6 44. Rxc4 Nd4 45. Re3 Rxf2+ 46. Ke5 Ne6 47. Kd6 Kxh5 48. Kxc6 Rb2 49. a4 Rb6+ 50. Kd5 Kg5 51. a5 Rb1 52. Ra3 a6 53. Kc6 Rb5 54. Kd6 1/2-1/2

[Event "Hanoi IM"]
[Site "Hanoi"]
[Date "2023.05.22"]
[Round "2"]
[White "Nguyen, Van Huy"]
[Black "Tran, Dang Minh Quang"]
[Result "1/2-1/2"]
[WhiteElo "2342"]
[BlackElo "2185"]
[PlyCount "121"]
[EventDate "2023.05.22"]
[EventType "tourn"]
[EventRounds "9"]
[EventCountry "VIE"]
[EventCategory "2"]
[SourceTitle "CBM 214 Extra"]
[Source "ChessBase"]
[SourceDate "2023.07.31"]
[SourceVersion "1"]
[SourceVersionDate "2023.07.31"]
[SourceQuality "1"]

1. d4 Nf6 2. c4 c6 3. Nf3 d5 4. Qb3 dxc4 5. Qxc4 Bf5 6. g3 e6 7. Bg2 Nbd7 8. 0-0 Be7 9. e3 0-0 10. Rd1 Qc7 11. Nc3 Rad8 12. Qe2 Ne4 13. Nd2 Nxd2 14. Bxd2 Nf6 15. e4 Bg4 16. f3 Bh5 17. Bf4 Qb6 18. Be3 Nd7 19. Rd2 h6 20. Rad1 Bg5 21. g4 Bxe3+ 22. Qxe3 Bg6 23. f4 f6 24. Qf2 Bf7 25. e5 Bg6 26. f5 Bf7 27. Ne4 exf5 28. Nd6 fxe5 29. Nxf5 Rde8 30. Qg3 Bg6 31. Nh4 Bh7 32. g5 hxg5 33. Qxg5 e4 34. Bh3 Qd8 35. Qxd8 Rxd8 36. d5 Ne5 37. dxc6 Rxd2 38. Rxd2 bxc6 39. Be6+ Kh8 40. Rf2 Re8 41. Bf5 e3 42. Re2 g5 43. Bxh7 gxh4 44. Be4 Rg8+ 45. Rg2 Rd8 46. Re2 h3 47. Kf1 Rd1+ 48. Re1 Rd2 49. Rxe3 Rxh2 50. Kg1 Rxb2 51. Rxh3+ Kg7 52. Rh7+ Kf6 53. Rxa7 Re2 54. Bg2 c5 55. Kf1 Rd2 56. Be4 c4 57. Ke1 Rb2 58. a4 Ng4 59. Rc7 Ke5 60. Bh7 Kd4 61. a5 1/2-1/2

[Event "Asia zt 3.3"]
[Site "Jakarta"]
[Date "2023.05.12"]
[Round "9"]
[White "Megaranto, Susanto"]
[Black "Nguyen, Van Huy"]
[Result "1/2-1/2"]
[WhiteElo "2523"]
[BlackElo "2342"]
[PlyCount "176"]
[EventDate "2023.05.06"]
[EventType "swiss"]
[EventRounds "9"]
[EventCountry "INA"]
[SourceTitle "CBM 214 Extra"]
[Source "ChessBase"]
[SourceDate "2023.07.31"]
[SourceVersion "1"]
[SourceVersionDate "2023.07.31"]
[SourceQuality "1"]

1. e4 c6 2. d4 d5 3. e5 Bf5 4. h4 Qb6 5. g4 Bd7 6. Nc3 e6 7. Na4 Qc7 8. f4 h5 9. gxh5 Nh6 10. Be3 Na6 11. Nf3 c5 12. Nxc5 Nxc5 13. dxc5 Nf5 14. Bd4 Bxc5 15. c3 Rxh5 16. Bd3 g6 17. Bxf5 Rxf5 18. Bxc5 Qxc5 19. Qd2 0-0-0 20. Nd4 Rh5 21. 0-0-0 Kb8 22. Rdg1 Rdh8 23. Qf2 Bb5 24. Rh3 Bc4 25. b3 Ba6 26. Kb2 Qe7 27. Rg5 R5h6 28. Qg3 Kc8 29. Nc2 Qd8 30. a4 Rh5 31. Nd4 Qc7 32. Qf2 Kb8 33. Qg3 Kc8 34. Rh2 Kb8 35. Kc2 Kc8 36. Rxh5 Rxh5 37. Kb2 Kb8 38. Rd2 Qd8 39. Nf3 Qb6 40. Nd4 Qd8 41. Rh2 Qc7 42. Qe3 Qb6 43. Qf3 Qc7 44. Rh3 Kc8 45. Qf2 Kb8 46. Rg3 Rh8 47. Rh3 Rh5 48. Qe3 Qb6 49. Kc2 Kc8 50. Kb2 Kb8 51. Nc2 Qxe3 52. Nxe3 Bd3 53. Kc1 Kc7 54. Kd2 Bf5 55. Rh2 Kd7 56. Nf1 Rh8 57. Ke3 Ke7 58. Kd4 f6 59. exf6+ Kxf6 60. a5 Re8 61. h5 gxh5 62. Rxh5 Rg8 63. Ne3 Bb1 64. Rh6+ Kf7 65. c4 dxc4 66. Nxc4 Rg1 67. Nd6+ Ke7 68. Nxb7 Rd1+ 69. Kc3 Bf5 70. Nc5 Rf1 71. Rh8 Kd6 72. Kb4 Rxf4+ 73. Kb5 a6+ 74. Nxa6 Bd3+ 75. Kb6 Bxa6 76. Kxa6 Rb4 77. Rh3 e5 78. Ka7 e4 79. a6 Kd5 80. Ka8 Kd4 81. a7 Rb5 82. Rh8 Rxb3 83. Rb8 Ra3 84. Kb7 e3 85. a8Q Rxa8 86. Rxa8 e2 87. Re8 Kd3 88. Rxe2 Kxe2 1/2-1/2

[Event "Asia zt 3.3"]
[Site "Jakarta"]
[Date "2023.05.11"]
[Round "8"]
[White "Nguyen, Van Huy"]
[Black "Susilodinata, Andrean"]
[Result "1-0"]
[WhiteElo "2342"]
[BlackElo "2379"]
[PlyCount "131"]
[EventDate "2023.05.06"]
[EventType "swiss"]
[EventRounds "9"]
[EventCountry "INA"]
[SourceTitle "CBM 214 Extra"]
[Source "ChessBase"]
[SourceDate "2023.07.31"]
[SourceVersion "1"]
[SourceVersionDate "2023.07.31"]
[SourceQuality "1"]

1. d4 d5 2. Nf3 Bf5 3. c4 e6 4. Nc3 c6 5. Qb3 Qc7 6. g3 dxc4 7. Qxc4 Nf6 8. Bg2 Be7 9. 0-0 h6 10. Re1 0-0 11. e4 Bh7 12. Bf4 Qa5 13. a3 Nbd7 14. Qe2 Rfe8 15. Nd2 b5 16. Rac1 a6 17. Nb3 Qb6 18. Be3 Rac8 19. Red1 Qb8 20. h3 Bf8 21. Na5 b4 22. axb4 Bxb4 23. Bf4 Qa7 24. Nc4 a5 25. Nd6 Bxd6 26. Bxd6 e5 27. dxe5 Nxe5 28. Kh2 Bg6 29. g4 Ned7 30. e5 Nd5 31. Nxd5 cxd5 32. Bxd5 Rxc1 33. Rxc1 Qd4 34. Rd1 Qf4+ 35. Kg2 Nxe5 36. Re1 Qd4 37. Bxf7+ Bxf7 38. Bxe5 Bd5+ 39. Kg3 Qb4 40. f4 Qb3+ 41. Qe3 a4 42. Qxb3 Bxb3 43. Rc1 Re7 44. Rc5 Kf7 45. Ra5 Bc2 46. h4 g6 47. Rc5 Bd1 48. f5 gxf5 49. gxf5 Ra7 50. Rc3 h5 51. Kf4 Bg4 52. Rd3 Rb7 53. Rd6 Rb4+ 54. Kg5 Rb5 55. Rf6+ Kg8 56. Bc3 Rc5 57. Bb4 Rb5 58. Ba3 Kg7 59. Bf8+ Kg8 60. Kg6 Rb8 61. Bd6 Re8 62. Rf7 Bf3 63. Rg7+ Kh8 64. Rc7 Be4 65. Bc5 Kg8 66. Rg7+ 1-0

[Event "Asia zt 3.3"]
[Site "Jakarta"]
[Date "2023.05.10"]
[Round "7"]
[White "Gomez, John Paul"]
[Black "Nguyen, Van Huy"]
[Result "1/2-1/2"]
[WhiteElo "2437"]
[BlackElo "2342"]
[PlyCount "54"]
[EventDate "2023.05.06"]
[EventType "swiss"]
[EventRounds "9"]
[EventCountry "INA"]
[SourceTitle "CBM 214 Extra"]
[Source "ChessBase"]
[SourceDate "2023.07.31"]
[SourceVersion "1"]
[SourceVersionDate "2023.07.31"]
[SourceQuality "1"]

1. c4 e6 2. Nc3 c5 3. Nf3 Nf6 4. d4 cxd4 5. Nxd4 d5 6. cxd5 Nxd5 7. Bd2 Be7 8. e4 Nxc3 9. Bxc3 0-0 10. Be2 Qb6 11. Qb3 Rd8 12. 0-0 Na6 13. Qxb6 axb6 14. Nb3 Nc5 15. Nxc5 bxc5 16. a3 Bd7 17. Rfd1 Bc6 18. f3 Rxd1+ 19. Rxd1 Rd8 20. Rxd8+ Bxd8 21. Kf2 f6 22. g3 Kf7 23. Ke3 Bc7 24. Kf2 Bd8 25. Ke3 Bc7 26. Kf2 Bd8 27. Ke3 Bc7 1/2-1/2

[Event "Asia zt 3.3"]
[Site "Jakarta"]
[Date "2023.05.10"]
[Round "6"]
[White "Nguyen, Van Huy"]
[Black "Ganerdene, Sugar"]
[Result "1/2-1/2"]
[WhiteElo "2342"]
[BlackElo "2420"]
[PlyCount "49"]
[EventDate "2023.05.06"]
[EventType "swiss"]
[EventRounds "9"]
[EventCountry "INA"]
[SourceTitle "CBM 214 Extra"]
[Source "ChessBase"]
[SourceDate "2023.07.31"]
[SourceVersion "1"]
[SourceVersionDate "2023.07.31"]
[SourceQuality "1"]

1. d4 Nf6 2. c4 g6 3. Nc3 Bg7 4. e4 d6 5. Nf3 0-0 6. Be2 Na6 7. 0-0 e5 8. Be3 h6 9. dxe5 Ng4 10. Bd2 Nxe5 11. Nxe5 dxe5 12. Be3 c6 13. Qxd8 Rxd8 14. Rfd1 Re8 15. c5 Nc7 16. Bc4 Bf8 17. Rd2 Ne6 18. Na4 Bg7 19. Nc3 Rb8 20. Rad1 Bf8 21. Na4 Bg7 22. Nc3 Bf8 23. Na4 Bg7 24. Nc3 Bf8 25. Na4 1/2-1/2

[Event "VIE-chT"]
[Site "Hanoi"]
[Date "2023.04.18"]
[Round "1"]
[White "Dam, Quoc Bao"]
[Black "Nguyen, Van Huy"]
[Result "1-0"]
[WhiteElo "1335"]
[BlackElo "2342"]
[PlyCount "107"]
[EventDate "2023.04.18"]
[EventType "swiss"]
[EventRounds "9"]
[EventCountry "VIE"]
[SourceTitle "EXT 2024"]
[Source "ChessBase"]
[SourceDate "2023.10.10"]
[SourceVersion "1"]
[SourceVersionDate "2023.10.10"]
[SourceQuality "1"]

1. d4 Nf6 2. c4 e6 3. Nc3 Bb4 4. Bg5 b6 5. e3 Bb7 6. Nf3 h6 7. Bh4 g5 8. Bg3 Ne4 9. Rc1 Bxc3+ 10. bxc3 d6 11. d5 e5 12. Bd3 Nc5 13. Qc2 Nxd3+ 14. Qxd3 Nd7 15. Nd2 Qe7 16. 0-0 Nc5 17. Qc2 0-0-0 18. Nb3 Nd7 19. f4 f6 20. fxe5 fxe5 21. e4 Rdf8 22. Bf2 Nf6 23. Qe2 Kd8 24. Nd2 Bc8 25. h3 Qg7 26. Kh2 Qg6 27. g3 Rf7 28. Be3 Ke8 29. Bg1 Rhf8 30. Rf2 Bxh3 31. Kxh3 g4+ 32. Kg2 Qh5 33. Bh2 Nh7 34. Rxf7 Rxf7 35. Rf1 Rg7 36. Rf5 Ng5 37. Qf1 Ke7 38. Rf6 Rf7 39. Rxf7+ Nxf7 40. Qe2 Ng5 41. Qf2 Qe8 42. Qe2 Qa4 43. Bg1 Qxa2 44. Be3 Nf3 45. Bxh6 a5 46. Kf2 Nxd2 47. Bxd2 Kf7 48. Bg5 Qb3 49. Qxg4 Qc2+ 50. Kg1 Qxc3 51. Qf5+ Kg8 52. Qg6+ Kf8 53. Bh6+ Ke7 54. Qe6+ 1-0

[Event "VIE-chT"]
[Site "Hanoi"]
[Date "2023.04.18"]
[Round "2"]
[White "Nguyen, Van Huy"]
[Black "Bui, Ngoc Gia Bao"]
[Result "1-0"]
[WhiteElo "2342"]
[BlackElo "1983"]
[PlyCount "79"]
[EventDate "2023.04.18"]
[EventType "swiss"]
[EventRounds "9"]
[EventCountry "VIE"]
[SourceTitle "EXT 2024"]
[Source "ChessBase"]
[SourceDate "2023.10.10"]
[SourceVersion "1"]
[SourceVersionDate "2023.10.10"]
[SourceQuality "1"]

1. d4 d5 2. Nf3 Nf6 3. c4 e6 4. g3 b6 5. cxd5 Nxd5 6. Bg2 Bb7 7. 0-0 c5 8. Bg5 f6 9. Bd2 Nc6 10. e3 Bd6 11. Nc3 Nxc3 12. bxc3 0-0 13. e4 cxd4 14. cxd4 e5 15. d5 Nd4 16. Be3 Ba6 17. Re1 Bb4 18. Bd2 Nxf3+ 19. Bxf3 Bc5 20. Qa4 Bb7 21. Be3 Qd6 22. Bxc5 Qxc5 23. Rac1 Qd6 24. Bg4 a5 25. Re3 Qb4 26. Be6+ Kh8 27. Qc2 h6 28. Rb3 Qd6 29. Qc7 Qxc7 30. Rxc7 Bc8 31. Rxb6 Bxe6 32. dxe6 a4 33. Kg2 f5 34. Rbb7 fxe4 35. Rxg7 Rf6 36. Rh7+ Kg8 37. Rbg7+ Kf8 38. e7+ Ke8 39. Rg8+ Kd7 40. e8Q+ 1-0